000 00526nam a2200145 a 4500
001 000036209
005 20200930074946.0
008 120111s19uu xxu 000 0 spa d
040 _aDO-SdBNP
_bspa
_cBNPHU
082 _axxx
_bW187l
100 1 _aWallace, O.C.S
_962273
245 1 3 _aLo que creen los bautistas :
_bExposición de la confesión de fe de Nuevo Hampshire /
_cO.C.S. Wallace ; traductor A. Vélez.
260 _aEl Paso, Texas, Estados Unidos :
_bCasa Bautista de Publicaciones,
_c[19uu]?
300 _a192 p. ;
_c20 cm.
999 _c35700
_d35700